书目信息 |
| 题名: |
作为界面的城市 : 数字媒介如何改变城市= The city as interface : how digital media are changing the city
|
|
| 作者: | 马汀·德· 瓦尔著 ;毛磊 , 彭喆 译 | |
| 分册: | ||
| 出版信息: | 北京 中国建筑工业出版社 2018.10 |
|
| 页数: | 159页 | |
| 开本: | 20cm | |
| 丛书名: | ||
| 单 册: | ||
| 中图分类: | C912.81 | |
| 科图分类: | ||
| 主题词: | 社会结构 , 社会关系 | |
| 电子资源: | ||
| ISBN: | 978-7-112-22417-3 | |
| 000 | 00922nam0 2200229 45 | |
| 001 | 1931175282 | |
| 005 | 20190305084038.25 | |
| 010 | @a978-7-112-22417-3@dRMB 49.00 | |
| 100 | @a20190305d2018 km y0chiy0120 ea | |
| 101 | 0 | @achi |
| 102 | @aCN@b110000 | |
| 200 | 1 | @a作为界面的城市 : 数字媒介如何改变城市= The city as interface : how digital media are changing the city@Azuo wei jie mian di cheng shi:shu zi mei jie ru he gai bian cheng shi=The city as interface:how digital media are changing the city@f(荷兰) 马汀·德· 瓦尔著 ; 毛磊, 彭喆译@F(he lan)ma ting·de·wa er zhu;mao lei,peng zhe yi |
| 210 | @a北京@c中国建筑工业出版社@d2018.10 | |
| 215 | @a159页@d20cm | |
| 606 | 0 | @a社会结构 |
| 606 | 0 | @a社会关系 |
| 690 | @aC912.81@v4 | |
| 701 | 0 | @a马汀·德· 瓦尔著@Ama ting·de·wa er zhu |
| 702 | 0 | @a毛磊@Amao lei@4译 |
| 702 | 0 | @a彭喆@Apeng zhe@4译 |
| 801 | 0 | @aCN@bPFT@c20190305 |
| 905 | @a10447@dC912.81@eM171 | |
| 作为界面的城市 : 数字媒介如何改变城市= The city as interface : how digital media are changing the city/(荷兰) 马汀·德· 瓦尔著 ; 毛磊, 彭喆译.-北京:中国建筑工业出版社,2018.10 |
| 159页;20cm |
| ISBN 978-7-112-22417-3:RMB 49.00 |
| ● |
| 相关链接 |
|
|
|
正题名:作为界面的城市 : 数字媒介如何改变城市= T
索取号:C912.81/M171
 
预约/预借
| 序号 | 登录号 | 条形码 | 馆藏地/架位号 | 状态 | 备注 |
| 1 | 1304615 | 213046158 | 社科库509/509社科库 60排1列6层/ [索取号:C912.81/M171] | 在馆 |